[Event "V Sunway Sitges Open 2018"]
[Site "Sitges"]
[Date "2018.12.23"]
[Round "10"]
[White "Alonso Rosell, Alvar"]
[Black "Edouard, Romain"]
[Result "1-0"]
[WhiteElo "2524"]
[BlackElo "2644"]
[Annotator "TA"]
[PlyCount "191"]
[EventDate "2018.12.14"]
[EventType "swiss"]
[EventCountry "ESP"]
[SourceTitle "playchess.com"]
[Source "ChessBase"]
[SourceQuality "1"]

{[%evp 14,191,29,33,27,39,66,64,75,90,93,13,20,18,31,0,0,0,0,0,0,0,0,-7,0,-29,-24,-38,-45,-54,-28,-62,-36,-40,-35,-20,-11,-7,-14,-13,0,-10,0,0,32,0,10,0,10,0,0,0,0,0,0,12,29,29,29,25,26,19,90,0,0,0,97,97,118,119,115,118,155,165,204,217,217,201,212,195,191,198,245,122,186,179,170,179,167,151,147,143,141,97,224,149,223,207,264,225,350,201,170,138,277,236,537,531,853,845,1644,1466,1432,698,1238,483,456,392,1447,1381,1307,845,1589,1375,1183,812,749,745,706,695,667,632,1081,1093,2025,1583,4598,2687,5620,5746,29966,5739,29975,604,604,0,29975,29976,29977,29974,29971,29973,29986,29975,29973,29974,29980,29981,29977,29982,29984,29985,29983,29983,29986,29987,29987,29987,29989,29990,29990,29989,29989,29990,29990,29989,29990,29980,29989,29990]} 1. d4 Nf6 2. Nf3 g6 3. g3 Bg7 4. Bg2 O-O 5. O-O d6 6. b3 a5 7. a4 c6 8. Bb2 {LiveBook: 45 Games} Bf5 {A49: 1 d4 Nf6 2 Nf3 g6 3 g3: Anti-King's Indian systems} (8... Nbd7 9. Nbd2 d5 10. c4 Re8 11. Qc2 Nb8 12. e4 dxe4 13. Nxe4 Bf5 14. Nxf6+ Bxf6 15. Qe2 Na6 16. Ne5 {½-½ (41) Meier,G (2654)-Dlugy,M (2518) Berlin 2015}) 9. Nh4 Bc8 $146 ({Predecessor:} 9... Be6 10. e4 d5 11. e5 Ne8 12. f4 Qd7 13. f5 Bxf5 14. Nxf5 gxf5 15. Bh3 f6 16. Bxf5 {1-0 (35) Mikac,M (2418)-Luciani,C (2222) Nova Gorica 2000}) 10. e4 e5 {White is slightly better.} 11. dxe5 Ng4 12. Nf3 (12. Na3 $16) 12... Nxe5 $11 13. Nxe5 Bxe5 14. Bxe5 dxe5 15. Qxd8 Rxd8 16. Na3 Be6 17. f4 exf4 18. gxf4 f5 19. Bh3 Kf7 20. Rad1 Nd7 21. exf5 gxf5 22. Nb1 Nf6 23. Nc3 Rg8+ 24. Kf2 Ng4+ (24... Rg6 {looks sharper.} 25. Rfe1 Rh6 26. Rd3 Nd7 27. Ree3 Rg8) 25. Bxg4 $1 Rxg4 26. Ne2 Bd5 27. Ke1 (27. c4 $5 {[%cal Rc4d5]} Rg2+ 28. Ke1 $11) 27... h5 28. c4 Be6 29. Rd3 Rb8 30. Re3 Rd8 31. Nc1 Kf6 32. Nd3 Bg8 33. Ne5 Rg2 34. Re2 Rxe2+ (34... Rg7 {keeps more tension.} 35. Rf3 Rg1+ 36. Kf2 Rdd1 37. Rd3 Be6) 35. Kxe2 {[%mdl 4096] Endgame KRB-KRN} Rd4 36. Ke3 Re4+ 37. Kf3 {Threatens to win with Rg1.} Rd4 (37... b5 $11 {keeps the balance.}) 38. Ke3 ({Better is} 38. Rg1 $16 Bh7 39. h4) 38... Re4+ 39. Kf3 ({White should play} 39. Kd2 $11) 39... Rd4 $16 40. Rg1 Bf7 41. Rg5 Be8 {[#]} 42. Rg8 $1 {[%cal Rg8e8]} Ke7 43. Rg7+ Kd6 44. Rxb7 Rd2 45. Kg3 h4+ 46. Kxh4 Rxh2+ {[#]} 47. Kg3 $1 {[%cal Rg3h2]} Rc2 48. Kf3 (48. Ra7 $18) 48... Rh2 (48... Rb2 $16 49. Kg3 Rb1) 49. Rb8 $18 Bh5+ 50. Kg3 Rb2 51. Rd8+ Kc7 52. Rd7+ Kc8 53. Kh4 Be2 (53... Bf3 $16 {was called for.}) 54. Ra7 Rxb3 (54... Bd1 $16 55. Rxa5 (55. Nxc6 Bxb3 56. Ne7+ Kd8 $18) 55... Bxb3 56. Nxc6 Bxc4 57. Rxf5 Be6) 55. Rxa5 Kb7 56. Kg5 Rb4 (56... Kb6 {is a better defense.}) 57. Rc5 (57. Kxf5 Bxc4 58. Nxc4 Rxc4 $16) (57. c5 $142) 57... Rxa4 58. Rxc6 Ra5 (58... Bf3 $16 59. Re6 Be4) 59. Rf6 (59. Kxf5 Rxe5+ 60. fxe5 Kxc6 $11) 59... Rc5 $2 (59... Bf1 60. Rd6 (60. Rxf5 Rc5 $18) 60... Kc7) 60. Rxf5 Kc7 61. Rf7+ Kd8 62. Rd7+ Ke8 63. Rd4 (63. Rd5 $142) 63... Ra5 64. Kf6 (64. Rd5 $142 Ra3 65. f5 Rg3+ 66. Kf6) 64... Ra6+ 65. Kf5 Ra5 $2 (65... Bf1 66. c5 Bg2) 66. Ke6 Bf1 67. Rd6 Bh3+ 68. Kf6 Ra4 69. Rb6 {Threatening mate with Rb8+.} Kd8 70. f5 Ra1 71. Rd6+ Kc7 72. Rd3 Rh1 73. c5 {[%cal Bc4c5,Bc5c6][%mdl 32]} Kc8 74. Rg3 Bf1 75. Rg8+ Kc7 76. Rg7+ Kc8 77. c6 Rh2 78. Rg8+ (78. Ke7 $142 Re2 79. Ke6 Bh3 80. Rg3 Bxf5+ 81. Kxf5 Rc2 82. Ke6 Kc7 83. Rg7+ Kc8 84. Kd5 Rd2+ 85. Kc5) 78... Kc7 79. Rg7+ (79. Rg1 $18 Ba6 80. Rg7+ Kb6 81. Rg5) 79... Kc8 $1 80. Ke7 {White mates.} Re2 81. Kd6 {[%cal Rg7g8]} Rd2+ 82. Ke6 Bh3 83. Rh7 Bg2 84. f6 Bd5+ 85. Ke7 Kc7 86. f7 Bxf7 87. Rxf7 {KRN-KR} ({Weaker is} 87. Nxf7 Re2+ 88. Kf6 (88. Ne5 Rxe5+ 89. Kf7 Kxc6 $11) 88... Kxc6 $14) 87... Rd6 88. Rh7 Rd4 89. Ke6+ Kc8 90. Rg7 Rd1 91. Nc4 Re1+ 92. Kd6 Rd1+ 93. Kc5 Rc1 94. Rh7 Kd8 95. Kb6 Rb1+ 96. Ka7 {Precision: White = 63%, Black = 31%.} 1-0

[Event "V Sunway Sitges Open 2018"]
[Site "Sitges"]
[Date "2018.12.23"]
[Round "10"]
[White "Santos Ruiz, Miguel"]
[Black "Petrosyan, Manuel"]
[Result "1-0"]
[WhiteElo "2523"]
[BlackElo "2565"]
[Annotator "RC"]
[PlyCount "87"]
[EventDate "2018.12.14"]
[EventType "swiss"]
[EventCountry "ESP"]
[SourceTitle "playchess.com"]
[Source "ChessBase"]
[SourceQuality "1"]
[TimeControl "40/5400+30:1800+30"]

1. d4 {[%emt 0:00:00]} Nf6 {[%emt 0:00:38]} 2. c4 {[%emt 0:00:00]} e6 {[%emt 0:00:56]} 3. Nc3 {[%emt 0:00:00]} Bb4 {[%emt 0:02:00]} 4. Qc2 {[%emt 0:01:23]} d6 {[%emt 0:05:29]} 5. e3 {[%emt 0:01:07]} O-O {[%emt 0:00:45]} 6. Bd3 {[%emt 0:00:18]} c5 {[%emt 0:04:14]} 7. dxc5 {[%emt 0:00:27]} Bxc5 {[%emt 0:02:51]} 8. Nf3 {[%emt 0:01:21]} Nc6 {[%emt 0:03:54]} 9. a3 {[%emt 0:00:10]} a6 {[%emt 0:00:04]} 10. O-O {[%emt 0:07:40]} h6 {[%emt 0:00:20]} 11. Rd1 {[%emt 0:16:37]} Qe7 12. b3 {[%emt 0:10:21]} Bd7 {[%emt 0:03:22]} 13. Bb2 Rfd8 14. Rd2 {[%emt 0:07:21]} Rac8 {[%emt 0:04:27]} 15. Rad1 {[%emt 0:00:24]} Ba7 {[%emt 0:07:56]} 16. Be2 Bb8 17. Qb1 {[%emt 0:12:35]} Bc7 {[%emt 0:09:36]} 18. h3 {[%emt 0:05:19]} Rb8 {[%emt 0:00:54]} 19. a4 {[%emt 0:01:00]} Ne8 {[%emt 0:01:02]} 20. Ba3 {[%emt 0:00:54]} Na7 {[%emt 0:05:58]} 21. Nd4 {[%emt 0:05:42]} Nc8 {[%emt 0:07:22]} 22. Bf3 {[%emt 0:04:50]} Bb6 {[%emt 0:05:59]} 23. b4 {[%emt 0:04:21]} Qh4 {[%emt 0:04:39]} 24. c5 {[%emt 0:09:21]} Bc7 {[%emt 0:02:02]} 25. b5 Ba5 {[%emt 0:07:54]} 26. Bb4 {[%emt 0:01:55]} Bxb4 {[%emt 0:01:05]} 27. Qxb4 {[%emt 0:00:04]} axb5 {[%emt 0:04:56]} 28. axb5 d5 {[%emt 0:03:27]} 29. e4 {[%emt 0:07:12]} dxe4 {[%emt 0:01:17]} 30. Bxe4 {[%emt 0:00:55]} Nf6 {[%emt 0:06:20]} 31. Nxe6 {[%emt 0:00:18]} Nxe4 {[%emt 0:00:47]} 32. Nxd8 {[%emt 0:00:26]} Bf5 {[%emt 0:00:09]} 33. Nxe4 {[%emt 0:00:44]} Qxe4 {[%emt 0:00:02]} 34. Qxe4 {[%emt 0:00:13]} Bxe4 {[%emt 0:00:01]} 35. Re2 {[%emt 0:00:11]} Bg6 {[%emt 0:00:08]} 36. Re8+ {[%emt 0:00:58]} Kh7 {[%emt 0:00:01]} 37. Nxb7 {[%emt 0:00:10]} Rxb7 {[%emt 0:00:04]} 38. Rxc8 {[%emt 0:00:04]} Rxb5 {[%emt 0:00:04]} 39. Rc1 {[%emt 0:00:02]} Bf5 {[%emt 0:00:14]} 40. Rc7 {[%emt 0:00:00]} Kg6 {[%emt 0:00:00]} 41. c6 {[%emt 0:00:55]} Rb8 {[%emt 0:01:03]} 42. Rb7 {[%emt 0:00:11]} Re8 {[%emt 0:00:29]} 43. c7 {[%emt 0:00:11]} Kf6 {[%emt 0:00:03]} 44. Rb8 {[%emt 0:00:17]} 1-0

[Event "V Sunway Sitges Open 2018"]
[Site "Sitges"]
[Date "2018.12.23"]
[Round "10"]
[White "Stella, Andrea"]
[Black "Korobkov, Piotr"]
[Result "1/2-1/2"]
[WhiteElo "2503"]
[BlackElo "2398"]
[Annotator "TA"]
[PlyCount "57"]
[EventDate "2018.12.14"]
[EventType "swiss"]
[EventCountry "ESP"]
[SourceTitle "playchess.com"]
[Source "ChessBase"]
[SourceQuality "1"]

{[%evp 16,57,-16,-8,-12,-3,47,25,39,31,53,52,38,0,0,0,0,0,11,0,8,17,19,8,1,-27,0,0,-14,-3,0,0,0,0,0,0,0,0,0,0,0,-18,-26,-16]} 1. d4 Nf6 2. c4 e6 3. Nc3 Bb4 4. e3 O-O 5. Bd3 c5 6. a3 Bxc3+ 7. bxc3 Nc6 8. Rb1 {E29: Nimzo-Indian: Sämisch: 5...0-0 6 e3 c5 7 Bd3 Nc6} (8. Ne2 b6 9. O-O Ba6 10. e4 Ne8 11. Ng3 Na5 12. f4 f6 13. f5 Bxc4 14. Bxc4 Nxc4 15. Rf4 cxd4 16. Rh4 dxc3 17. Qh5 Qc7 18. Qxh7+ Kf7 19. Qh5+ Ke7 {0-1 (39) Flores,D (2580)-Bu,X (2710) Tbilisi 2017}) 8... b6 9. e4 {LiveBook: 7 Games} e5 10. d5 {The position is equal.} Ne7 {[%cal Bc6e7,Be7g6,Bg6f4][%mdl 32]} 11. Ne2 {[%cal Bg1e2,Be2g3,Bg3f5][%mdl 32]} Ne8 $146 ({Predecessor:} 11... d6 12. Ng3 Ng6 13. O-O Nf4 14. Bc2 Ba6 15. Bb3 b5 16. cxb5 Bxb5 {1-0 (40) Peralta,F (2564)-Valderrama Quiceno,E (2357) Badalona 2015}) 12. O-O d6 13. Ng3 Ng6 14. Nf5 Nf4 $1 15. Bc2 {[%cal Bd3c2,Bc2a4,Ba4c6][%mdl 32]} g6 16. Ng3 Qh4 17. a4 f5 18. exf5 gxf5 19. a5 bxa5 20. Ba4 Nf6 21. Bxf4 exf4 22. Bc6 $132 {[%mdl 2048] White puts up resistance} Ng4 {[%csl Gg4][%cal Rh4h2]} 23. h3 fxg3 24. fxg3 {[#]} Qxg3 $1 {[%csl Gg4][%cal Rg3h2][%mdl 512]} 25. hxg4 Qe3+ 26. Kh1 Qh6+ 27. Kg1 Qe3+ {[%mdl 64] Double Attack} 28. Rf2 fxg4 29. Qe1 $1 {Accuracy: White = 52%, Black = 73%.} 1/2-1/2

[Event "V Sunway Sitges Open 2018"]
[Site "Sitges"]
[Date "2018.12.23"]
[Round "10"]
[White "Sosa, Tomas"]
[Black "Adly, Ahmed"]
[Result "1-0"]
[WhiteElo "2488"]
[BlackElo "2626"]
[Annotator "TA"]
[PlyCount "140"]
[EventDate "2018.12.14"]
[EventType "swiss"]
[EventCountry "ESP"]
[SourceTitle "playchess.com"]
[Source "ChessBase"]
[SourceQuality "1"]

{[%evp 10,140,60,66,70,33,24,1,13,0,0,0,0,0,20,23,16,16,65,47,42,50,67,66,82,85,111,68,133,133,134,125,127,119,127,127,127,124,154,136,136,136,136,136,136,127,138,138,138,138,139,137,133,141,130,83,85,76,73,75,75,9,17,9,10,10,25,0,13,0,76,92,106,87,104,99,104,114,106,114,122,110,120,120,121,95,95,95,95,95,457,457,438,425,405,0,80,0,405,403,359,0,295,283,525,494,616,548,935,802,1419,1393,5925,5249,5089,2862,2161,2085,29976,29977,29980,29980,29981,29980,29986,29987,29987,29988,29988,29987,29990,29991,29995]} 1. e4 b6 2. d4 Bb7 3. Nc3 e6 4. Nf3 d6 5. Bd3 (5. d5 e5 6. g4 h6 7. h4 g6 8. h5 g5 9. a4 Qc8 10. Bb5+ c6 11. dxc6 Nxc6 12. Nh2 a6 13. Bxc6+ Qxc6 {1-0 (58) Stukopin,A (2577)-Blatny,P (2392) Philadelphia 2017}) 5... Nd7 6. Qe2 {LiveBook: 7 Games. B00: Queen's Fianchetto Defence, Nimzowitsch Defence} a6 7. h4 $146 ({Predecessor:} 7. O-O g6 8. Re1 Bg7 9. Bg5 Ne7 10. Rad1 h6 11. Bc1 c5 12. d5 e5 {1-0 (41) Lau,U (2163)-Steffens,O (2250) Verden 2017}) 7... h6 8. h5 {White has an edge.} b5 {[%cal Bb6b5,Bb5b4][%mdl 32]} 9. a4 b4 10. Nd1 Ngf6 11. c3 c5 12. d5 exd5 13. exd5+ Qe7 14. Qxe7+ (14. c4 {is more complex.} Qxe2+ 15. Kxe2 O-O-O 16. Kf1 Kc7 17. b3) 14... Bxe7 15. c4 O-O-O 16. Bf4 Rdg8 17. Ne3 Bf8 18. g4 g5 (18... g6 $14) 19. Bh2 $16 Kc7 20. O-O-O Bc8 21. b3 Ne8 22. Rde1 Ndf6 23. Rhg1 Kd8 24. Re2 Ng7 25. Nd2 Be7 26. Rge1 Re8 27. f3 $1 Rhf8 28. Ndf1 Kc7 29. Ng3 Bd8 30. Bf5 {Hoping for Bxc8.} Rxe3 31. Rxe3 {Threatens to win with Bxc8.} Bxf5 32. Nxf5 Nxf5 33. gxf5 Kd7 34. Rh1 Ne8 35. Re4 (35. f4 $16) 35... Ng7 $11 36. Bg3 Nxf5 37. Bf2 Bf6 38. Kc2 Rc8 39. Rhe1 Ng7 (39... Bc3 $11 40. R1e2 Bd4) 40. f4 $1 $36 {[%mdl 2048] White has strong initiative.} Nxh5 41. fxg5 hxg5 42. Rh1 Nf4 43. Rh7 {[%mdl 1024] White has strong compensation.} Rf8 44. Be3 Ng2 45. Bc1 Nh4 46. Bb2 Bd8 47. Bg7 Re8 48. Kd3 $1 {Bh6 is the strong threat.} Rxe4 49. Kxe4 {[%mdl 4096] Endgame And now Bh6 would win. KRB-KBN} Be7 $2 {[%mdl 8192] [#]} (49... Ke8 $16) 50. Bh6 $1 $18 Ke8 51. Rh8+ Kd7 52. Rh7 $2 (52. Ra8 $18 {is more deadly.}) 52... Ke8 $1 $16 53. Rh8+ $2 {[%mdl 8192]} (53. a5 $16) 53... Kd7 $18 54. Ra8 f5+ 55. Ke3 $2 (55. Kd3 $18) 55... Bf6 $2 {[%mdl 8192]} (55... f4+ $1 $11 {and Black is okay.} 56. Ke4 Bf6) 56. Ra7+ ({Much less strong is} 56. Rxa6 $6 f4+ 57. Kf2 Nf5 $16) 56... Ke8 $2 (56... Kc8 {was necessary.} 57. Rxa6 Bd4+ 58. Kd3 g4) 57. Rxa6 f4+ 58. Kd3 Nf5 59. Ra8+ Kf7 {[#]} 60. Rf8+ $1 Ke7 61. a5 (61. Bxg5 Kxf8 62. a5 (62. Bxf6 f3 $11) 62... f3 $11) 61... Nxh6 {[#]} 62. Rxf6 $1 {[%mdl 576] Promotion} Kxf6 {KN-KP} 63. a6 g4 64. a7 {White mates.} f3 65. a8=Q Nf5 66. Ke4 Nd4 67. Qd8+ Kg6 68. Qxd6+ {[%mdl 64] Double Attack} Kh5 69. Qh2+ Kg5 70. d6 Ne2 {Accuracy: White = 72%, Black = 43%.} 1-0

[Event "V Sunway Sitges Open 2018"]
[Site "Sitges"]
[Date "2018.12.23"]
[Round "10"]
[White "Dragnev, Valentin"]
[Black "Harutyunian, Tigran K."]
[Result "1-0"]
[WhiteElo "2483"]
[BlackElo "2528"]
[Annotator "TA"]
[PlyCount "63"]
[EventDate "2018.12.14"]
[EventType "swiss"]
[EventCountry "ESP"]
[SourceTitle "playchess.com"]
[Source "ChessBase"]
[SourceQuality "1"]

{[%evp 14,63,0,7,22,6,14,0,0,0,27,18,83,94,91,96,96,91,115,48,88,78,91,70,72,66,66,65,68,61,247,249,223,225,214,205,205,205,219,218,499,479,672,654,1463,1420,1249,1234,1178,1126,5373,2672]} 1. c4 Nf6 2. Nc3 e5 3. e3 Nc6 4. Nf3 Bb4 5. Qc2 Bxc3 6. Qxc3 Qe7 7. Be2 O-O 8. d4 {[%cal Rf3e5] LiveBook: 4 Games. A28: English Opening: Four Knights Variation} (8. O-O e4 9. Nd4 Nxd4 10. Qxd4 c5 11. Qc3 d5 12. b3 Rd8 13. d4 exd3 14. Bxd3 Be6 15. Bb2 dxc4 16. bxc4 {1-0 (51) Vachier Lagrave,M (2789)-Karjakin,S (2782) Leuven 2018}) 8... Ne4 9. Qc2 exd4 10. Nxd4 {The position is equal.} Nxd4 11. exd4 Re8 12. O-O Ng3 $146 (12... d5 $11 {keeps the balance.}) ({Predecessor:} 12... d5 13. cxd5 Bf5 14. Bd3 Bg6 15. Bf4 Nf6 16. Bxg6 hxg6 {1-0 (38) Kovalev,V (2060)-Lykov,V (2136) Barnaul 2011}) 13. hxg3 $16 Qxe2 14. Bd2 $1 Qg4 15. Rae1 {[%cal Re1e8]} Rf8 16. Bc3 ({White should try} 16. Bf4 $16) 16... d6 17. Re7 c6 18. Qd2 d5 19. cxd5 cxd5 20. Rfe1 b6 21. R7e5 {Black must now prevent Rg5.} Bb7 $2 {[#]} ({Black should play} 21... f6 $14 22. Rxd5 Bb7) 22. Rg5 $1 $18 {[%cal Rg5g4]} Qd7 23. Bb4 {Strongly threatening Rxg7+!} h6 24. Bxf8 hxg5 {[#]} 25. Bxg7 $1 {[%mdl 512]} Qf5 (25... Kxg7 26. Qxg5+) 26. Bh6 f6 $2 (26... Bc6 27. Re7 (27. Qxg5+ Qxg5 28. Bxg5 Re8 $16) 27... Rc8 28. Rxa7 (28. Qxg5+ Qxg5 29. Bxg5 a6 $18) 28... Bb5 29. Qxg5+ Qxg5 30. Bxg5 Bd3) 27. Re7 {White is clearly winning.} Bc6 (27... Qb1+ $142 28. Kh2 Qg6 29. Rg7+ (29. Rxb7 Qxh6+ 30. Kg1 Rf8 $18) 29... Qxg7 30. Bxg7 Kxg7) 28. Qe2 g4 29. Rg7+ Kh8 30. Qe7 Re8 31. Qf7 Bd7 {[#]} 32. Rg5 $1 {[%mdl 576] Pin. Accuracy: White = 84%, Black = 37%.} 1-0

[Event "V Sunway Sitges Open 2018"]
[Site "Sitges"]
[Date "2018.12.23"]
[Round "10"]
[White "Gukesh D"]
[Black "Sarkar, Justin"]
[Result "1-0"]
[WhiteElo "2466"]
[BlackElo "2332"]
[Annotator "TA"]
[PlyCount "35"]
[EventDate "2018.12.14"]
[EventType "swiss"]
[EventCountry "ESP"]
[SourceTitle "playchess.com"]
[Source "ChessBase"]
[SourceQuality "1"]

{[%evp 20,35,12,8,62,28,96,94,135,142,218,228,203,226,244,203,527,506]} 1. Nf3 d5 2. g3 g6 3. Bg2 Bg7 4. d4 Nf6 5. O-O O-O 6. c4 dxc4 7. Na3 c3 8. bxc3 c5 9. Re1 Nc6 10. e4 Bg4 {D77: Fianchetto Grünfeld: 6 0-0: Replies other than 6...c6} 11. Bb2 {LiveBook: 7 Games} Qb6 ({Black should try} 11... Nd7 $11) 12. Rb1 $146 ({Predecessor:} 12. Nc4 Qa6 13. Ne3 Bxf3 14. Qxf3 Rfd8 15. e5 Ne8 16. Qe4 Qa4 17. Red1 e6 18. f4 {½-½ (111) Van Wely,L (2684)-Kovalev,V (2548) Riga 2014}) 12... Rfd8 (12... Nd7 $11 {remains equal.}) 13. d5 $16 Ne5 14. c4 Qb4 (14... Bxf3 $16 15. Bxf3 Nxf3+ 16. Qxf3 Qa6) 15. Bxe5 $18 {[%mdl 64] [#] Discovered Attack} Qxa3 16. Rxb7 Qxa2 17. Rxe7 Qxc4 $2 (17... Re8 {is more resistant.} 18. d6 Rad8) 18. Qa1 1-0

[Event "V Sunway Sitges Open 2018"]
[Site "Sitges"]
[Date "2018.12.23"]
[Round "10"]
[White "Pogonina, Natalija"]
[Black "Demianjuk, Alexander"]
[Result "1/2-1/2"]
[WhiteElo "2465"]
[BlackElo "2344"]
[Annotator "TA"]
[PlyCount "44"]
[EventDate "2018.12.14"]
[EventType "swiss"]
[EventCountry "ESP"]
[SourceTitle "playchess.com"]
[Source "ChessBase"]
[SourceQuality "1"]

{[%evp 15,44,-18,-5,-38,-34,-27,0,0,0,-17,-2,-9,-8,-10,0,-19,4,-13,7,0,9,0,0,0,0,0,3,0,0,0,0]} 1. d4 Nf6 2. c4 e6 3. Nf3 d5 {[%cal Bd7d5,Bd5c4,Bc4c3][%mdl 32]} 4. g3 Bb4+ 5. Nbd2 dxc4 6. Bg2 b5 {E04: Open Catalan: 5 Nf3} 7. a4 c6 8. O-O O-O {LiveBook: 49 Games} 9. b3 c3 10. Nb1 $1 a5 11. Qc2 {The position is equal.} bxa4 12. bxa4 c5 13. dxc5 Bb7 {Black wants to play ...Be4.} 14. Nxc3 Nbd7 {[#]} 15. Bf4 $146 ({Predecessor:} 15. Rd1 Qe7 16. Nb5 {½-½ (16) Yu,Y (2749)-Yilmaz,M (2630) Khanty-Mansiysk 2017}) 15... Nxc5 16. Rfd1 Qc8 {[#] White must now prevent ...Nce4.} 17. Nb5 Nce4 18. Qxc8 Raxc8 19. Ng5 Bd5 20. Nxe4 Nxe4 21. Bxe4 Bxe4 22. Nd6 Bxd6 1/2-1/2

[Event "V Sunway Sitges Open 2018"]
[Site "Sitges"]
[Date "2018.12.23"]
[Round "10"]
[White "Romanishin, Oleg M"]
[Black "Ingebretsen, Jens E"]
[Result "1-0"]
[WhiteElo "2451"]
[BlackElo "2251"]
[Annotator "TA"]
[PlyCount "85"]
[EventDate "2018.12.14"]
[EventType "swiss"]
[EventCountry "ESP"]
[SourceTitle "playchess.com"]
[Source "ChessBase"]
[SourceQuality "1"]

{[%evp 16,85,7,14,41,25,65,54,81,66,69,73,113,106,106,107,225,225,233,225,228,228,229,227,226,213,213,214,374,357,334,330,355,352,384,359,348,343,368,368,420,407,419,416,420,412,407,408,402,406,410,401,486,483,607,591,642,631,638,568,545,521,800,774,762,748,753,723,832,831,773,763]} 1. Nf3 d5 2. d4 Nf6 3. c4 e6 4. g3 dxc4 5. Qa4+ Nbd7 6. Bg2 a6 7. Nc3 Be7 8. Ne5 O-O {E02: Open Catalan: 5 Qa4+} 9. Qxc4 {LiveBook: 6 Games} c5 10. Nxd7 Nxd7 {White has an edge.} 11. dxc5 $1 Nxc5 12. Be3 $1 {[%cal Re3c5]} b5 13. Qd4 $1 {[#]} Rb8 $146 ({Predecessor:} 13... Ra7 14. Qxd8 Rxd8 15. O-O Rad7 16. Rac1 {½-½ (28) Kurajica,B (2595)-Varga,Z (2535) Makarska Tucepi 1995}) 14. Qxd8 $1 Rxd8 {[#]} 15. Bf4 $1 {[%cal Rf4b8]} Bd6 (15... Bb7 $16) 16. Rd1 $18 Nb7 {[#]} 17. Bxb7 $1 $40 {[%mdl 128] White wants a kill.} Bxb7 18. Bxd6 Rxd6 19. Rxd6 Bxh1 {[%mdl 4096] Endgame KRB-KRN} 20. f3 ({Resist} 20. Rxa6 $6 b4 $16) 20... Bg2 21. Rxa6 h5 $2 (21... b4 {was worth a try.}) 22. Ra5 b4 23. Rb5 Rxb5 24. Nxb5 {KB-KN} Kf8 25. Nd4 e5 26. Nc6 b3 27. a3 f6 28. Na5 Ke7 29. Nxb3 Kd6 30. Nd2 Bh3 31. Kf2 Kd5 32. Ke3 Bf5 33. Ne4 Bg6 34. Kd3 {White is clearly winning.} Bf5 35. b4 Bg6 36. a4 {[%cal Ba3a4,Ba4a5][%mdl 32]} Bf5 37. a5 Kc6 38. Kc3 Bc8 39. Nc5 Kb5 40. e3 {[%cal Be2e3,Be3f4][%mdl 32]} Bh3 41. f4 exf4 42. exf4 Bc8 43. h4 {Accuracy: White = 96%, Black = 39%.} 1-0

[Event "V Sunway Sitges Open 2018"]
[Site "Sitges"]
[Date "2018.12.23"]
[Round "10"]
[White "Raja Rithvik R"]
[Black "Ortega Ruiz, Jose Miguel"]
[Result "1/2-1/2"]
[WhiteElo "2415"]
[BlackElo "2298"]
[Annotator "ChessBase"]
[PlyCount "58"]
[EventDate "2018.12.14"]
[EventType "swiss"]
[EventCountry "ESP"]
[SourceTitle "playchess.com"]
[Source "ChessBase"]
[SourceQuality "1"]
[TimeControl "40/5400+30:1800+30"]

1. d4 {[%emt 0:00:00]} Nf6 {[%emt 0:00:00]} 2. c4 {[%emt 0:00:00]} e6 {[%emt 0:00:00]} 3. g3 {[%emt 0:00:00]} Bb4+ {[%emt 0:01:00]} 4. Bd2 {[%emt 0:00:00]} Bxd2+ {[%emt 0:00:08]} 5. Nxd2 {[%emt 0:01:52]} Nc6 {[%emt 0:00:08]} 6. Ngf3 {[%emt 0:02:36]} d6 {[%emt 0:00:07]} 7. Bg2 {[%emt 0:00:13]} O-O {[%emt 0:00:11]} 8. O-O {[%emt 0:00:14]} e5 {[%emt 0:00:12]} 9. d5 {[%emt 0:00:57]} Nb8 {[%emt 0:00:05]} 10. e4 {[%emt 0:00:10]} a5 {[%emt 0:00:04]} 11. Ne1 {[%emt 0:01:49]} Na6 {[%emt 0:00:18]} 12. Nd3 {[%emt 0:00:51]} Bd7 13. b3 {[%emt 0:07:17]} c6 {[%emt 0:00:22]} 14. dxc6 {[%emt 0:03:53]} Bxc6 {[%emt 0:00:37]} 15. Re1 {[%emt 0:01:50]} Qb6 {[%emt 0:01:01]} 16. Nb1 {[%emt 0:06:55]} Qd4 {[%emt 0:03:48]} 17. Na3 {[%emt 0:01:12]} Nc5 {[%emt 0:02:58]} 18. Nxc5 {[%emt 0:00:07]} Qxc5 {[%emt 0:00:03]} 19. Nc2 {[%emt 0:00:35]} a4 {[%emt 0:00:47]} 20. Qd3 {[%emt 0:02:38]} b5 {[%emt 0:00:29]} 21. cxb5 {[%emt 0:09:21]} Bxb5 {[%emt 0:00:37]} 22. Qd2 {[%emt 0:00:04]} axb3 {[%emt 0:00:29]} 23. axb3 {[%emt 0:00:08]} Rxa1 {[%emt 0:02:30]} 24. Rxa1 {[%emt 0:00:12]} Rc8 {[%emt 0:00:40]} 25. Ne3 {[%emt 0:00:44]} g6 {[%emt 0:01:09]} 26. h3 {[%emt 0:04:51]} Qc3 {[%emt 0:01:33]} 27. Rd1 {[%emt 0:02:07]} Qxd2 {[%emt 0:00:18]} 28. Rxd2 {[%emt 0:00:05]} Rc1+ {[%emt 0:00:06]} 29. Kh2 Rc6 1/2-1/2